000 00689cam a22002533a 4500
001 20626
003 PGUSA
005 20140828083435.0
008 070219s2007||||xxu|||||s|||||000 1 eng d
040 _aPGUSA
_beng
042 _adc
050 4 _aPS
100 1 _aFord, Sewell,
_d1868-1946
245 1 0 _aTorchy
_h[electronic resource] /
_cSewell Ford
260 _bProject Gutenberg,
_c2007
506 _aPublic domain in the USA.
516 _aElectronic text
653 _aNew York (N.Y.) -- Fiction
653 _aHumorous stories
700 1 _aBrehm, George,
_d1878-1966
830 0 _aProject Gutenberg
_v20626
856 4 0 _uhttp://www.gutenberg.org/ebooks/20626
942 _cEB
999 _c249881
_d249881